<?xml version="1.0" encoding="UTF-8"?><?xml-stylesheet type="text/xsl" href="static/style.xsl"?><OAI-PMH xmlns="http://www.openarchives.org/OAI/2.0/" xmlns:xsi="http://www.w3.org/2001/XMLSchema-instance" xsi:schemaLocation="http://www.openarchives.org/OAI/2.0/ http://www.openarchives.org/OAI/2.0/OAI-PMH.xsd"><responseDate>2026-06-01T14:49:55Z</responseDate><request verb="GetRecord" identifier="oai:riuma.uma.es:10630/45123" metadataPrefix="marc">https://riuma.uma.es/rest/oai/request</request><GetRecord><record><header><identifier>oai:riuma.uma.es:10630/45123</identifier><datestamp>2026-02-04T00:47:22Z</datestamp><setSpec>com_10630_2254</setSpec><setSpec>col_10630_37957</setSpec></header><metadata><record xmlns="http://www.loc.gov/MARC21/slim" xmlns:dcterms="http://purl.org/dc/terms/" xmlns:doc="http://www.lyncode.com/xoai" xmlns:xsi="http://www.w3.org/2001/XMLSchema-instance" xsi:schemaLocation="http://www.loc.gov/MARC21/slim http://www.loc.gov/standards/marcxml/schema/MARC21slim.xsd">
   <leader>00925njm 22002777a 4500</leader>
   <datafield ind2=" " ind1=" " tag="042">
      <subfield code="a">dc</subfield>
   </datafield>
   <datafield ind2=" " ind1=" " tag="720">
      <subfield code="a">Gutiérrez Caneda,  Beatriz</subfield>
      <subfield code="e">author</subfield>
   </datafield>
   <datafield ind2=" " ind1=" " tag="260">
      <subfield code="c">2026</subfield>
   </datafield>
   <datafield ind2=" " ind1=" " tag="520">
      <subfield code="a">Desde el inicio de la pandemia provocada por la crisis socio sanitaria se han impuesto nuevos retos desde la perspectiva económica y social, a todos los países en el marco del trabajo a distancia.
Actualmente encontramos regulada esta modalidad de prestación de servicios no solo en la negociación colectiva o acuerdos individuales entre la persona trabajadora y la empresa, donde se regulan los elementos básicos para establecer las reglas del trabajo a distancia, sino en la Ley 10/2021. Aunque en esta norma existe una habilitación general a la negociación colectiva pudiendo a través de acuerdos o convenios colectivos hacer mucho al margen de la propia ley. Por ello, ha sido imprescindible analizar el alcance del trabajo a distancia y su concreción a través de la negociación colectiva, especialmente con materias con mayor polémica como gastos, la protección de las personas trabajadoras en materia de seguridad y salud, el registro de jornada (considerando el tiempo de trabajo y las horas extraordinarias), el derecho a la desconexión, los derechos colectivos y las facultades de control empresarial principalmente, lo que ha dado lugar a los distintos capítulos de la presente tesis.
De tal modo, la tesis se ha dividido en dos partes, la primera que consta de tres capítulos sobre la normativa en general, el marco jurídico, el objeto de la Ley 10/2021 y el acuerdo de trabajo a distancia, y la segunda, que consta de seis capítulos, sobre los derechos de las personas trabajadoras en este ámbito (principalmente, en materia de formación y gastos, tiempo de trabajo, prevención de riesgos laborales, intimidad y datos personales y negociación colectiva). Además, en la parte segunda se analiza el trabajo a distancia en Italia por su cercanía con nuestro país y la similitud en la práctica, estudiando las diferencias existentes.</subfield>
   </datafield>
   <datafield ind1="8" ind2=" " tag="024">
      <subfield code="a">https://hdl.handle.net/10630/45123</subfield>
   </datafield>
   <datafield tag="653" ind2=" " ind1=" ">
      <subfield code="a">Derecho laboral - Tesis doctorales</subfield>
   </datafield>
   <datafield tag="653" ind2=" " ind1=" ">
      <subfield code="a">Trabajadores - Derechos</subfield>
   </datafield>
   <datafield tag="653" ind2=" " ind1=" ">
      <subfield code="a">Negociaciones colectivas</subfield>
   </datafield>
   <datafield tag="653" ind2=" " ind1=" ">
      <subfield code="a">Trabajo a domicilio</subfield>
   </datafield>
   <datafield ind2="0" ind1="0" tag="245">
      <subfield code="a">Alcance del trabajo a distancia y el teletrabajo. Una realidad estructural.</subfield>
   </datafield>
</record>
</metadata></record></GetRecord></OAI-PMH>